[Event "Moscow Aeroflot op-A"]
[Site "Moscow"]
[Date "2005.02.21"]
[Round "7"]
[White "Sakaev, Konstantin"]
[Black "Fedorov, Alexei"]
[Result "1-0"]
[WhiteElo "2677"]
[BlackElo "2603"]
[Annotator "Atlas,V"]
[PlyCount "155"]
[EventDate "2005.02.15"]
[EventType "swiss"]
[EventRounds "9"]
[EventCountry "RUS"]
[SourceTitle "CBM 106"]
[Source "ChessBase"]
[SourceDate "2005.06.06"]
[SourceVersion "1"]
[SourceVersionDate "2005.06.06"]
[SourceQuality "1"]

1. d4 Nf6 2. c4 g6 3. Nc3 Bg7 4. e4 d6 5. Nf3 O-O 6. Be2 e5 7. O-O Nc6 8. d5
Ne7 9. Nd2 c5 10. Rb1 Ne8 11. b4 b6 12. bxc5 bxc5 13. Nb3 f5 14. Bg5 h6 15. Bd2
Kh8 16. Nb5 Ng8 17. f3 Ngf6 18. Bd3 f4 19. Na5 g5 20. Nc6 Qd7 21. Kf2 g4 22.
Ke2 Qf7 23. Rh1 Rg8 24. Qf1 Bf8 25. Qf2 Qh5 26. Ba5 Bd7 27. Kd2 Nh7 28. Be2 Ng5
29. Nc3 gxf3 30. gxf3 Nh3 31. Qf1 Nf6 32. Rb7 Rg7 33. Nb8 Be8 34. Rxg7 Bxg7 35.
Nc6 Bd7 36. Nb5 Ne8 37. Nbxa7 Nf6 38. a4 Qg6 39. Bd3 Qh5 40. Be2 Qg6 41. Kc2
Ng5 42. Rg1 Qe8 43. Qb1 Qh5 44. Qf1 Qe8 45. Qb1 Qh5 46. Qf1 Qe8 47. h4 Ngxe4
48. fxe4 Bxc6 49. Nxc6 Rxa5 $1 50. Rxg7 $1 ({After this move White retains a
large advantage. Weaker was Mit diesem Zug bewahrt Weiß großen Vorteil.
Schwächer war} 50. Nxa5 Qxa4+ 51. Nb3 Qa2+ 52. Kc1 Qa3+ {, with a draw by
perpetual. mit Remis durch Dauerschach.}) 50... Kxg7 51. Qg2+ Kf7 52. Nxa5
Qxa4+ 53. Nb3 Qa2+ 54. Kc3 Qb1 55. Bf3 Qe1+ 56. Nd2 Qxh4 57. Qh1 Qg3 58. Kd3 h5
59. Ke2 Kg6 60. Nf1 Qg5 61. Qh3 Ng4 62. Nh2 Nf6 63. Qe6 Qg1 64. Nf1 h4 65. Qxd6
Qd4 66. Nd2 h3 67. Qe6 h2 68. Qh3 ({Overlooking the shortest way to the
victory: Übersieht den kürzesten Gewinnweg:} 68. Bh5+ Kxh5 69. Qf5+) 68... Qe3+
69. Kd1 Qg1+ 70. Kc2 Ng4 71. Qh8 Ne3+ 72. Kd3 Ng4 73. Kc2 Ne3+ 74. Kb3 Ng4 75.
Bxg4 h1=Q {[%tqu "En","Black's two queens seem very dangerous, but they are
far away from their king. How can White finish the game victoriously?",
"Exploit the exposed position of the Black king in your hunt for the enemy
queens.","Sacrifice your bishop!","g4h5","Winning a queen and the game.",5,
"De","Die beiden Damen des Schwarzen wirken sehr gefährlich, stehen aber
weitab von ihrem König. Wie kann Weiß die Partie siegreich beenden?","Nutzen
Sie die exponierte Königsstellung des Schwarzen zur Jagd auf die feindlichen
Damen.","Opfern Sie Ihren Läufer!","g4h5","Gewinnt eine Dame und die Partie.",
5]} 76. Bh5+ $1 {[%csl Rg1,Rg6,Rh1,Gh5,Gh8] A remarkable game conclusion!
After this impressive sacrifice Black loses one of his queens. Ein
bemerkenswertes Partiefinale! Nach diesem eindrucksvollen Opfer verliert
Schwarz eine seiner Damen.} Kg5 (76... Qxh5 77. Qg8+ Kf6 78. Qxg1) 77. Qxe5+ $1
(77. Nf3+ $2 {would allow Black to escape: würde Schwarz vom Haken lassen:}
Qxf3+ 78. Bxf3 Qb1+ 79. Kc3 (79. Ka4 $4 Qb4#) 79... Qc1+ 80. Kd3 Qe3+ 81. Kc2
Qf2+ ({Of course not Natürlich nicht} 81... Qxf3 $2 82. Qxe5+ {, and White is
winning. und Weiß gewinnt.}) 82. Kc1 Qe3+ {, with a draw by perpetual. mit
Remis durch Dauerschach.}) 77... Kh4 (77... Kh6 {fails to scheitert an} 78.
Qh8+ Kg5 79. Nf3+ Qxf3+ 80. Bxf3 Qb1+ 81. Qb2 {, winning. und gewinnt.}) 78.
Nf3+ {, and Black resigned in view of 78...Qxf3+ 79.Bxf3 Qb1+ 80.Qb2. und
angesichts von 78...Qxf3+ 79.Bxf3 Qb1+ 80.Qb2 gab Schwarz auf.} 1-0

[Event "Dortmund SuperGM 33rd"]
[Site "Dortmund"]
[Date "2005.07.09"]
[Round "2"]
[White "Van Wely, Loek"]
[Black "Bacrot, Etienne"]
[Result "1-0"]
[WhiteElo "2655"]
[BlackElo "2729"]
[Annotator "Mikhalevski,V"]
[PlyCount "93"]
[EventDate "2005.07.07"]
[EventType "tourn"]
[EventRounds "9"]
[EventCountry "GER"]
[EventCategory "19"]
[SourceTitle "CBM 108"]
[Source "ChessBase"]
[SourceDate "2005.09.26"]
[SourceVersion "1"]
[SourceVersionDate "2005.09.26"]
[SourceQuality "1"]

1. d4 Nf6 2. c4 g6 3. Nc3 Bg7 4. e4 d6 5. Nf3 O-O 6. Be2 e5 7. O-O Nc6 8. d5
Ne7 9. b4 Nh5 10. Re1 a5 11. bxa5 Rxa5 (11... f5 {is a playable alternative.})
12. Nd2 Nf4 13. Bf1 Ra8 (13... c5 {making White's play on the queenside more
difficult is the main line.} 14. a4 Kh8 15. Ra3 Ng8 16. Nb5 Ra6 $146 (16... Nh6
) 17. g3 Nh5 18. Bb2 Nh6 19. Be2 Qe7 $2 (19... f5 $142) 20. f4 $2 {Xu Jun-Xie
Jun Sanjin Hotel Cup 2004/CBM 102[Avrukh,B].} (20. Bxh5 $142)) 14. a4 f5 {
Bacrot follows a game which was played earlier this year. See 15.g3.} ({
Earlier Black tested} 14... Kh8) 15. Ra3 {Van Wely deviates from the
afore-mentioned game.} (15. g3 Nh5 16. c5 $5 {An interesting pawn sacrifice,
which deserves further tests.} dxc5 17. Nc4 fxe4 18. d6 cxd6 19. Nxd6 Nc6 20.
Qd5+ Kh8 21. Ncxe4 Nf6 22. Nf7+ Rxf7 23. Qxf7 Nxe4 24. Rxe4 Bf5 25. Re1 Nd4 $44
{[%cal Gd4f3,Gd4c2] 1/2-1/2 Dorfman,J-Bologan,V/Cannes FRA 2005/The Week in
Chess 543 (33)}) 15... fxe4 16. Ndxe4 b6 {Only this move turns out to be a
novelty. This way Black makes difficult the program advance c4-c5, but creates
a hook for the queenside attack by means of a5.} ({The only preceding game saw
} 16... Nf5 17. Nb5 $1 Nd4 $6 18. Nxd4 exd4 19. Bb2 $16 {1/2-1/2 Shchekachev,
A-Loskutov,O/St Petersburg 1999/CBM 074 (42). (41)}) 17. Nb5 {[%csl Rc7][%cal
Gc1d2,Ga4a5] Usually in this line b5 is the best square for the knight for a
number of reasons, namely attack of the c7 and d6-pawns, freeing the third
rank for the a3-rook and finally preparing a5.} Kh8 {[%cal Ge7g8] Prophylaxis.
Usually this way Black frees the g8-square for the e7-knight, which is the
main Black's worry in many lines in the King's Indian.} 18. g3 Nh5 19. a5 $1 {
Van Wely immediately exploits Black's 16th move.} bxa5 20. Bd2 Bf5 {Black
complites development and connects the rooks.} 21. Rxa5 (21. Bxa5 $2 {allows}
Rxa5 $1 22. Rxa5 c6 {with a double attack on a5 and b5.}) 21... Qd7 22. Qa4 $5
{White increases pressure on the queenside.} Rxa5 23. Qxa5 {[%csl Rc7,Rd6]
Finally White gets to the c7-pawn, but it runs away.} Bxe4 $1 {Black has to
exchange this knight in order to free the c7-pawn from defense of the d6-pawn.
The only drawback of this exchange is that White will have an advantage of a
bishop pair, which eventually turned out to be an important factor.} 24. Rxe4
c6 25. dxc6 $1 {Opening the d-file for exploiting weakness of the d6-pawn.}
Nxc6 26. Qa1 d5 ({I think it was worth starting with} 26... Nf6 {avoiding Ra4.}
27. Re1 d5 {with only a minimal edge for White.}) 27. cxd5 Qxd5 28. Qe1 {
The reason for 26.Qa1.} Nf6 29. Ra4 {Here the rook is more active than it
would be on the e-file.} e4 {Black is taking control over the light squares
trying to compensate absence of the light-squared bishop. At the same time
he's preparing Ne5-f3.} 30. Nc3 Qd7 $1 31. Bb5 $1 {White renews the threat of
Nxe4 and pins the c6-knight.} ({Black's idea is based on the simple tactics:} 
31. Nxe4 $2 Ne5 $1 {[%csl Ra4][%cal Ge5f3] with a double attack on f3 and a4.
While} 32. Ra3 {loses to} Nxe4 33. Qxe4 Qxd2) 31... Qh3 $2 {[%csl Re4] Black
forces exchange of the queens, but the e4-pawn becomes an easy target for the
white pieces.} (31... Qb7 $1 {Unpinning the knight and preparing penetration
to f3 was necessary.} 32. Bf4 $1 {preventing Ne5.} Rd8 33. Bxc6 Qxc6 34. Be5
Re8 35. Bxf6 Bxf6 36. Rxe4 Ra8 $14 {and despite an extra pawn, draw is the
most likely outcome.}) 32. Qf1 $1 {The only, but sufficient way for obtaining
advantage.} (32. Bxc6 {doesn't promise more than a draw.} Ng4 33. Nxe4 Qxh2+
34. Kf1 Qh1+ 35. Ke2 Qf3+ 36. Kf1 $11) 32... Qxf1+ (32... Qd7 $5) 33. Kxf1 Ne5
34. h3 $5 {[%csl Rg4] White prevents attack of the f2-pawn.} Rb8 35. Be2 Nf3
36. Bf4 $16 {[%csl Re4] Finally White wins the e4-pawn and Black will have to
suffer.} Rd8 37. Nxe4 Nd4 $2 {A blunder probably in the time-trouble.} (37...
Nxe4 38. Bxf3 Nc3 $16 {was a better try.}) 38. Bc7 $5 {[%csl Rd4,Rh8]} (38. Nd6
$1 {wins even easier.} Nxe2 39. Nf7+ Kg8 40. Nxd8) 38... Rc8 ({Doesn't save} 
38... Re8 39. Nd6 Rxe2 40. Ra8+ Ne8 41. Nxe8 Kg8 42. Rd8 $1 $18) 39. Rxd4 Rxc7
40. Rd8+ Ng8 41. Nd6 $18 {[%csl Rg8][%cal Ge2c4,Gd6f7] White creates a threat
of Bc4, which Black can't prevent.} Bf6 42. Ra8 Rc1+ (42... Kg7 $2 {loses to}
43. Ne8+) 43. Kg2 Be7 $6 {Loses on the spot.} (43... Kg7 {would be the very
last try, though after} 44. Bc4 Ne7 45. Ne8+ Kh6 46. Nxf6 Rxc4 47. Ra7 Nc6 48.
Rxh7+ $18 {White is two pawns up.}) 44. Bc4 h5 45. Rxg8+ Kh7 46. Rc8 $1 {
[%csl Rc1][%cal Gc4g8] This tricky move saves the knight.} Bxd6 47. Bg8+ {
and Black resigned as he loses the rook.} 1-0

[Event "Bazna Kings 3rd"]
[Site "Bazna"]
[Date "2009.06.15"]
[Round "2"]
[White "Gelfand, Boris"]
[Black "Nisipeanu, Liviu Dieter"]
[Result "1-0"]
[WhiteElo "2733"]
[BlackElo "2675"]
[Annotator "Gelfand,B"]
[PlyCount "71"]
[EventDate "2009.06.14"]
[EventType "tourn"]
[EventRounds "10"]
[EventCountry "ROU"]
[EventCategory "20"]
[SourceTitle "CBM 131"]
[Source "ChessBase"]
[SourceDate "2009.07.15"]
[SourceVersion "1"]
[SourceVersionDate "2009.07.15"]
[SourceQuality "1"]

{I had never been in Romania before and I happily accepted the invitation to
play in this country. I have to say that the organisers were extremely nice
and friendly and the players had excellent playing conditions to in the small
city of Bazna, situated in the centre of Romania.} 1. d4 d6 2. Nf3 g6 3. c4 Bg7
4. e4 Nf6 5. Nc3 O-O {With a rare move order, the game has transposed into a
King's Indian defence. I had noticed that Dieter included it in his repertoire,
but it was hard to guess what he'd play as he has a wide and sharp opening
repertoire.} 6. Be2 e5 7. O-O Nc6 8. d5 Ne7 9. b4 Nh5 10. Re1 a5 (10... f5 11.
Ng5 Nf6 12. f3 {is a regular guest in games between Loek van Wely and Teimour
Radjabov and leads to sharp play.}) 11. bxa5 f5 12. Nd2 Nf6 13. c5 $5 {The
most energetic move.} Rxa5 ({White's idea is that after} 13... dxc5 14. f3 $1
$146 {[%csl Re7] Black's N is poorly placed on e7} {and he cannot improve it
because of the following line} c6 $2 (14... Rxa5 $142 15. Nb3 Ra8 16. Nxc5 $16)
15. d6 $3 Qxd6 16. Nc4 Qd4+ $140 (16... Qc7 17. Be3 $16 {1-0 Van Wely,L (2651)
-Visser,Y (2445)/Leeuwarden 2004}) (16... Qxd1 17. Rxd1 Be6 18. Rb1 {[%csl Gb7]
} Rfb8 19. Be3 $16) 17. Be3 Qxc3 18. Rc1 Qb4 19. Rb1 {and the Q is trapped}
fxe4 (19... Qc3 20. Rb3 $18) 20. Rxb4 cxb4 21. Bc5 $16) 14. Nb3 {I knew that
the knight is poorly placed on b3 in this line of the King's Indian, but I
believed that after exchange on d6 I'd be in time to move my knight from c3 to
b6 and thus exchange the Bc8, which is very important in the KID.} (14. cxd6
cxd6 15. a4 {is considered best by theory and likely rightly.}) 14... Ra8 15.
f3 f4 (15... Nh5 {has never been tried in tournament practice for some reason.}
) 16. a4 g5 17. Ba3 h5 ({The big expert on King's Indian Ilya Smirin has tried
to save a tempo on h7-h5 by playing} 17... Ng6 {and won a brilliant game after}
18. a5 (18. cxd6 $5 cxd6 19. Nb5 Ne8 20. Nd2 h5 21. Nc4 Ra6 22. a5) 18... Nh4
19. cxd6 cxd6 20. Bb4 $5 (20. Na4 $5 {deserves serious attention}) 20... h5 21.
Nd2 g4 22. Nc4 Ra6 23. Kh1 Nh7 $1 24. fxg4 (24. Nb6 Rxb6 $1 25. axb6 Nxg2 $1
26. Kxg2 Qh4 27. Rh1 Ng5 $17 {Smirin,I}) 24... Nxg2 $1 25. Kxg2 hxg4 {Radjabov,
T-Smirin,I/Dos Hermanas ,2001}) 18. a5 {Both sides start a series of logical
moves - White is transfering his N to b6 and Black is preparing an attack on
the kingside.} Ng6 19. cxd6 cxd6 20. Na4 g4 21. Nb6 {Here I was very happy
with my position, as I thought that the Bc8 is under control and thus Black's
attack cannot be strong.} Nxe4 $3 {My opponent found a brilliant resource. He
doesn't pay any attention to material and starts an assault immediately. His
attack has grounds to become successful, as the Nb3 and the Ba3 are completely
misplaced for the moment.} (21... Rxa5 22. Nxc8 Rxa3 23. Rxa3 Qxc8 $16 {
is hardly sufficient.}) ({I anticipated} 21... Rb8 {when I intended to play}
22. Nd2 {protecting the e4-square and having in mind Ndc4} (22. Nxc8 Rxc8 23.
fxg4 hxg4 24. Bxg4 Nxg4 25. Qxg4 f3 $5) (22. Nc4 $5 {also deserves attention:}
Nxe4 $140 (22... b5 23. Nxd6) 23. fxe4 f3 24. Nxd6 f2+ 25. Kh1 fxe1=Q+ 26. Qxe1
{with full compensation}) 22... Nh4 23. Bf1 {and I believe that Black's
threats are not too dangerous} (23. Nbc4 $5 gxf3 24. Bxf3)) 22. fxe4 (22. Nxa8
$2 {loses to the nice} Nf2 $1 ({or} 22... Qh4 23. Bf1 Nf2 24. Qe2 g3 25. h3 e4)
23. Qc2 (23. Kxf2 Qh4+ 24. Kg1 g3 $19) 23... g3 24. Qxg6 Qh4 25. h3 Bxh3 $1) ({
Objectively strongest was} 22. Nxc8 {when most of the lines you can find
easily with the help of the computer, but it is far from simple over the board}
Rxc8 (22... Nc3 23. Qc2 e4 24. Nxd6 exf3 25. Bc4) (22... Nh4 23. fxe4 Rxc8 24.
Kh1) 23. Qd3 $3 (23. fxe4 f3 24. gxf3 Qh4 25. Nd2 Nf4 26. Bf1 g3 $40) 23... Nh4
24. Qxe4 gxf3 (24... Rc3 25. Nd2 (25. Bd3 Qg5)) 25. Bxf3 Rc3 26. Nd2 Re3 27.
Rxe3 fxe3 28. Qxe3 e4 29. Rf1 exf3 30. Nxf3 Nxf3+ 31. Rxf3 Re8 $16) 22... f3
23. Rf1 $1 {I like this move. I felt that if Black would force me to take on
f3 with the g-pawn, then Nf4, Qh4 and g3 would give him a very dangerous
attack.} (23. g3 $2 f2+ 24. Kg2 fxe1=Q 25. Qxe1 Nf4+ $1 $40) (23. Nxa8 $4 f2+
24. Kh1 g3 25. Qd3 (25. h3 Qh4 26. Bf1 Bxh3 27. gxh3 Nf4 $19) 25... Nf4 26.
Qxg3 Nxe2) ({I rejected} 23. gxf3 {when Black has a choice of} gxf3 ({or} 23...
Qh4 24. Nd2 Nf4 25. Bf1 g3 26. Re2 Bh6) 24. Bxf3 Nh4 $40 25. Nd2 Qg5+ 26. Kh1
Rxf3 27. Rg1 Bg4 28. Nxf3 Nxf3 $13 {with a dangerous attack in both cases.})
23... Nf4 (23... fxe2 24. Qxe2 $16) 24. Bxf3 $1 ({Here} 24. gxf3 {is weak} Qg5
25. fxg4 Nh3+ 26. Kh1 Nf2+ $1 27. Rxf2 Rxf2 28. Qc1 Qh4 29. Qg1 Rxe2 30. Qg3
Qf6 {with a mating attack.}) 24... gxf3 25. Rxf3 Bg4 ({During the game I was
rather worried about} 25... Qg5 26. Rg3 ({less clear is} 26. Qf1 Bh3 27. Rg3
Bg4 28. Nxa8 h4 29. Rf3 Nh3+ 30. Kh1 Rxf3 31. gxf3 Qe3 32. fxg4 Nf2+ 33. Kg1
$11) 26... Bg4 27. h3 $1 (27. Nxa8 $4 Bxd1 28. Rxg5 Ne2+) 27... Qh4 {and as
the computer shows White is winning here in a beautiful way, but is is almost
impossible to find it.} (27... Bxd1 28. Rxg5 Bxb3 29. Nxa8 Rxa8 30. Bxd6) 28.
Qe1 $3 (28. Rxg4 hxg4 29. Qxg4 Qxg4 30. hxg4 Ne2+ 31. Kh2 Rad8 $17) 28... Ne2+
29. Kh2 Rf1 30. Rxg4 $1 Qxe1 31. Rxe1 Rxe1 32. Rxg7+ Kxg7 33. Nxa8 h4 34. Bxd6
Kf6 35. Nc5 Ng3 36. Bxe5+ $1 Kxe5 37. Nd3+ $18) 26. Nxa8 (26. Qd2 $2 Bxf3 27.
gxf3 Nh3+) {This is the critical position and Black had to make the right
decision} 26... Qxa8 $2 ({I hoped for the most tempting} 26... Nh3+ 27. Rxh3 $1
{other moves lose immediately} Bxd1 28. Rxd1 {and I felt that White is doing
well} {but things are not easy after} Qf6 $1 {An interesting computer style
move, proposed by M.Golubev in Chess Today.} ({Tricky is} 28... Qc8 29. Rc1
Qxa8 30. Bxd6 Rf4 {as the d-pawn has less support now. However I think that
White is better after} 31. Bc5 Rxe4 32. Bb6 $1 $14 {cutting Q from the game} (
32. d6 b6 $5 33. Bxb6 Qd5 $132)) (28... Qxa8 29. Bxd6 $36 {White has a clear
advantage, as he has enough material compensation for a Q and the d-pawn is
dangerous.}) 29. Rf3 Qh4 $1 30. Nd2 (30. Rxf8+ Bxf8 31. Nd2 $1 (31. Nb6 Qxe4)
31... Bh6 $1 {Black is fine}) 30... Rxf3 (30... Rxa8 31. Bxd6) 31. gxf3 Bh6 32.
Nf1 Qh3 33. Kf2 $13 {and it is hard to assess this position.}) ({I was worried
about} 26... Nxg2 $1 {finally damaging the shelter of White's K} 27. Rxf8+ {
and Black has full compensation after both} Qxf8 ({and} 27... Bxf8 28. Qc2 (28.
Qf1 Nf4 29. Ra2 Qg5 30. Kh1 Qg6 $1 $44) 28... Nf4 29. Rf1 Qh4 $1 (29... Qxa8
30. Bc1 $14 Nh3+ 31. Kg2 Qa6 32. Be3 $14) 30. Nd4 Nh3+ 31. Kh1 exd4 $44) 28.
Qc2 (28. Qf1 Nf4 29. Re1 Nh3+ (29... Qxa8 $44) 30. Kg2 Nf4+ $11) 28... Nf4 29.
Rf1 Qxa8 30. Bc1 (30. Rxf4 $2 exf4 31. Bxd6 Qa6 $1) 30... Qa7+ 31. Kh1 Qa6 $44
{I believe that it is easier to play such a position with Black.}) 27. Bxd6 Rf7
(27... Nh3+ 28. Rxh3 Bxd1 29. Rxd1 {was discussed above.}) 28. Qf1 $1 {From
this square the Q protects both the h3-square and prevents black Q from
entering through a6.} (28. Qd2 Bxf3 29. gxf3 Qc8) 28... Qd8 ({More stubborn was
} 28... Bxf3 {forcing White to be precise:} 29. gxf3 (29. Qxf3 Qa6) 29... Qc8
30. Rc1 Qd7 31. Bc5 Qa4 32. Qc4 $1 Qa2 33. Rc2 $1 Qb1+ 34. Nc1 $18) 29. Bc5 {
Now things are over. White has huge material advantage.} Bf8 (29... Bxf3 30.
Qxf3) 30. Rf2 Qh4 31. Kh1 Ne2 32. Rxf7 Ng3+ 33. Kg1 Bxc5+ 34. Nxc5 Ne2+ 35.
Qxe2 Bxe2 36. Rf2 1-0